| 000 | 00542cam a2200193ua 4500 | ||
|---|---|---|---|
| 020 | _cRs 6.00 | ||
| 041 |
_amal _h |
||
| 082 |
_a894.8121 _bNAR/KA |
||
| 100 | _aNarayana Pillai, P K . | ||
| 245 |
_aKalakkathu Kunjan Nambiarude arupathu thullalkathakal / _cP K Narayana Pillai. _hTextual Documents |
||
| 250 |
_a7 / _b. |
||
| 260 |
_aQuilon : _bSree Rama Vilasam Press & Book Depot , _c1961. |
||
| 300 | _a662 ; . | ||
| 365 | _aRs 6.00 | ||
| 504 | _a | ||
| 700 | 1 | _aAchutha Warrier, K . | |
| 942 | _cBK | ||
| 999 |
_c4036 _d4036 |
||